|
|
|
|
| LEADER |
01393nam a22003617a 4500 |
| 001 |
32812 |
| 003 |
BD-DhAAL |
| 005 |
20211116125646.0 |
| 008 |
180314t20162016gw a b 000|0|eng|d |
| 999 |
|
|
|c 39153
|d 39153
|
| 020 |
|
|
|a 9783775734608
|
| 020 |
|
|
|a 9783775741422
|
| 040 |
|
|
|a BD-DhAAL
|
| 082 |
|
|
|a 728.0983
|2 23
|
| 100 |
|
|
|a Aravena Mori, Alejandro
|9 25090
|
| 245 |
|
|
|a Elemental :
|b incremental housing and participatory design manual /
|c Alejandro Aravena, Andrés Iacobelli
|
| 250 |
|
|
|a Second edition
|
| 260 |
|
|
|a Ostfildern :
|b Hatje Cantz Verlag,
|c c2016
|
| 300 |
|
|
|a 509 pages :
|b illustrations (black and white, and colour) ;
|c 24 cm.
|
| 500 |
|
|
|a Formerly CIP.
|
| 504 |
|
|
|a Includes bibliographical references.
|
| 526 |
|
|
|a AAL
|
| 541 |
|
|
|a STS International
|e 32812
|
| 546 |
|
|
|a Text in English and Spanish
|
| 610 |
|
|
|a Elemental (Firm : Santiago, Chile)
|9 25091
|
| 650 |
|
|
|a Architecture, Domestic
|z Chile.
|9 25092
|
| 650 |
|
|
|a Public housing
|z Chile.
|9 25093
|
| 650 |
|
|
|a Housing subsidies
|z Chile.
|9 25094
|
| 650 |
|
|
|a Architecture.
|9 42724
|
| 700 |
|
|
|a Iacobelli, Andrés
|9 25095
|
| 852 |
|
|
|a Ayesha Abed Library
|c General Stacks
|
| 942 |
|
|
|2 ddc
|c BK
|
| 952 |
|
|
|0 0
|1 0
|2 ddc
|4 0
|6 728_098300000000000_ARA
|7 0
|9 62861
|a BRACUL
|b BRACUL
|c GEN
|d 2018-03-13
|e STS International
|g 5850.00
|l 6
|m 42
|o 728.0983 ARA
|p 3010032812
|r 2023-05-11
|s 2022-11-08
|t 1
|v 5850.00
|w 2018-03-13
|y BK
|